000 00706nam a2200205Ii 4500
003 JO-AjNU
008 230605s9999||||xx |||||||||||||| ||und||
040 _aJO-AjNU
_bara
_erda
_cJO-AjNU
041 _aara
050 1 4 _aBJ1291.N66.1994
100 3 _aنوح، السيد محمد,
_eauthor
_940143
245 0 0 _aمن أخلاق النصر في جيل الصحابه
250 _aط1
264 3 1 _aبيروت:دار ابن حزم للطباعة والنشر والتوزيع ، 1994
300 _a160ص
336 _atext
_btxt
_2rdacontent
337 _aunmediated
_bn
_2rdamedia
338 _avolume
_bnc
_2rdacarrier
650 4 _aالصحابة والتابعون-اخلاق اسلامية
_940144
999 _aA17011
_c20579
_d20579